000 00375 a2200109 4500
001 ART_42680
005 20260410162006.0
008 260409a
245 1 0 _aEl observatorio de salud de la Facultad de Derecho de la Universidad de Buenos Aires
100 1 _aAizenberg, Marisa S.
773 0 _tTemas de derecho civil
_g- Año 3, Nº 7 (jul. 2017)
_wREV34778
999 _c31689
_d31689